02168cam a2200313 a 45000010009000000050017000090080041000260200042000670200038001090400018001470820019001652450112001842600057002963000034003534900051003875040051004385050768004896500055012576500069013126500060013816500074014416500045015156500059015606530022016197000038016419420012016799990017016919520146017081660604420111116090143.0110110s2011 enka b 001 0 eng  a9781409408932 (hardback : alk. paper) a9781409408949 (ebk. : alk. paper) aDLCcDLCdDLC00a327.1223bCIT00aCities and Global Governance :bNew Sites for International Relations /cedited by Mark Amen ... [et al.]. aFarnham, Surrey ;aBurlington, VT :bAshgate,c2011. axiv, 226 p. :bill. ;c24 cm.0 aGlobal interdisciplinary studies series928760 aIncludes bibliographical references and index.0 aSighting or slighting cities in international relations -- The emerging global landscape and the new role of the globalizing city regions -- Paradiplomacy in the developing world: the case of Brazil -- The emergence of cross-border regions and Canadian-United States relations -- The evolution of city indicators: challenges and progress -- Auditing cities through circles of sustainability -- Cities, the environment, and global governance: a political ecological perspective -- Cities and global environmental NGOs: emerging transnational urban networks? -- The global city today: advantages of specialization and costs of financialization -- World city networks: measurement, social organization, global governance, and structural change -- Concluding remarks. 0aSubnational governmentsxForeign relations.928761 0aSubnational governmentsxForeign relationsvCase studies.928762 0aMunicipal governmentxInternational cooperation.928763 0aMunicipal governmentxInternational cooperationvCase studies.928764 0aGlobalizationxPolitical aspects.928765 0aGlobalizationxPolitical aspectsvCase studies.928766 bPolcFebruary20121 aAmen, Michael Mark,d1944-928767 2ddccBB c16429d16429 00102ddc40708MERICaMAINbMAINc1STd2012-02-09epurchaseg616.00h31368l1m5o327.1 CITp000026040r2025-07-15 00:00:00s2013-11-17yBB